| 000 | 01419nam a2200349 a 4500 | ||
|---|---|---|---|
| 001 | ebr10674846 | ||
| 003 | CaPaEBR | ||
| 006 | m o u | ||
| 007 | cr cn||||||||| | ||
| 008 | 150303s2013 njua s 001 0 eng d | ||
| 020 | _z9781118297391 | ||
| 020 | _z9781118419700 (e-book) | ||
| 040 |
_aCaPaEBR _cCaPaEBR |
||
| 035 | _a(OCoLC)841648873 | ||
| 050 | 1 | 4 |
_aHV41.2 _b.F55 2013eb |
| 082 | 0 | 4 |
_a658.15/224 _223 |
| 100 | 1 |
_aFilla, Jennifer J., _d1970- |
|
| 245 | 1 | 0 |
_aProspect research for fundraisers _h[electronic resource] : _bthe essential handbook / _cJennifer J. Filla, Helen E. Brown. |
| 260 |
_aHoboken, N.J. : _bJohn Wiley & Sons, _cc2013. |
||
| 300 |
_a1 online resource (xxii, 216 p.) : _bill. |
||
| 490 | 1 | _aAFP Fund Development Series | |
| 500 | _aIncludes index. | ||
| 533 |
_aElectronic reproduction. _bPalo Alto, Calif. : _cebrary, _d2015. _nAvailable via World Wide Web. _nAccess may be limited to ebrary affiliated libraries. |
||
| 588 | _aDescription based on online resource; title from title page (ebrary, viewed May 6, 2013). | ||
| 650 | 0 | _aFund raising. | |
| 650 | 0 | _aFund raisers (Persons) | |
| 655 | 7 |
_aElectronic books. _2local |
|
| 700 | 1 |
_aBrown, Helen E., _d1963- |
|
| 710 | 2 | _aebrary, Inc. | |
| 830 | 0 | _aAFP fund development series. | |
| 856 | 4 | 0 |
_uhttp://site.ebrary.com/lib/rucke/Doc?id=10674846 _zAn electronic book accessible through the World Wide Web; click to view |
| 999 |
_c163745 _d163745 |
||